| 000 | 00745nam a2200217 a 4500 | ||
|---|---|---|---|
| 999 |
_c695 _d695 |
||
| 001 | 695 | ||
| 003 | BD-JhCC | ||
| 005 | 20171128110155.0 | ||
| 008 | 171008s1981 bg |||| ||a| 00| 0 ben d | ||
| 035 | _a(BD-JhCC)695 | ||
| 040 |
_aBD-JhCC _dBD-JhCC |
||
| 041 | _aben | ||
| 082 |
_a954.9205 _bISL 1981 |
||
| 100 | _aইসলাম,রফিক-উল | ||
| 245 |
_aলক্ষ প্রাণের বিনিময়ে : _bএ টেল অব মিলিয়ননস / _cরফিক-উল ইসলাম |
||
| 260 |
_aঢাকা ; _bসোনারগাঁ প্রিন্টার্স, _c1981 |
||
| 300 |
_a350 p.: _bills; _c21 cm. |
||
| 650 |
_aLiberation war-1971 _xHistory _zBangladesh |
||
| 942 |
_2ddc _cBK |
||